[Event "EU-ch U12 26th"]
[Site "Prague"]
[Date "2016.08.27"]
[Round "9"]
[White "Sunde, Nicholas"]
[Black "Dwyer, Daniel1"]
[Result "1/2-1/2"]
[WhiteElo "1375"]
[BlackElo "1629"]
[PlyCount "39"]
[EventDate "2016.08.18"]
[EventType "swiss"]
[EventRounds "9"]
[EventCountry "CZE"]
[SourceTitle "CBM 174 Extra"]
[Source "ChessBase"]
[SourceDate "2016.10.10"]
[SourceVersion "1"]
[SourceVersionDate "2016.10.10"]
[SourceQuality "1"]

1. d4 d5 2. c4 e6 3. Nf3 Nf6 4. Nc3 Be7 5. Bf4 Nbd7 6. e3 0-0 7. cxd5 exd5 8. Bd3 Nb6 9. h3 Bd6 10. Bxd6 Qxd6 11. 0-0 c6 12. Qc2 h6 13. Rac1 Nbd7 14. Ne2 Re8 15. Ng3 Nf8 16. Ne5 Be6 17. Qc3 Rad8 18. Nf3 Qe7 19. b4 Ra8 20. Rc2 1/2-1/2

[Event "EU-ch U12 26th"]
[Site "Prague"]
[Date "2016.08.26"]
[Round "8"]
[White "Poltorak, Sebastian"]
[Black "Sunde, Nicholas"]
[Result "1-0"]
[WhiteElo "1763"]
[BlackElo "1375"]
[PlyCount "75"]
[EventDate "2016.08.18"]
[EventType "swiss"]
[EventRounds "9"]
[EventCountry "CZE"]
[SourceTitle "CBM 174 Extra"]
[Source "ChessBase"]
[SourceDate "2016.10.10"]
[SourceVersion "1"]
[SourceVersionDate "2016.10.10"]
[SourceQuality "1"]

1. d4 d5 2. c4 c6 3. Nc3 Nf6 4. Nf3 dxc4 5. e4 Bg4 6. e5 Nd5 7. Bxc4 e6 8. 0-0 Be7 9. Bb3 0-0 10. a3 Nd7 11. h3 Bh5 12. g4 Bg6 13. Be3 N7b6 14. Qe2 Qd7 15. Nh2 Rae8 16. f4 Kh8 17. Nf3 Rc8 18. Kh2 Rfd8 19. Rfd1 Qe8 20. Rac1 Qf8 21. Kg3 h6 22. Kh2 Rd7 23. Ba2 Rcd8 24. Nxd5 Nxd5 25. Bxd5 Rxd5 26. Rd2 Qe8 27. h4 h5 28. Ng5 Bxg5 29. hxg5 Qg8 30. Kg3 hxg4 31. Rh1+ Bh7 32. Qxg4 g6 33. Qh4 Kg7 34. Qh6+ Kh8 35. Rdh2 R8d7 36. Qxh7+ Qxh7 37. Rxh7+ Kg8 38. Rh8+ 1-0

[Event "EU-ch U12 26th"]
[Site "Prague"]
[Date "2016.08.25"]
[Round "7"]
[White "Sunde, Nicholas"]
[Black "Aalto, Patrik"]
[Result "1/2-1/2"]
[WhiteElo "1375"]
[BlackElo "1733"]
[PlyCount "147"]
[EventDate "2016.08.18"]
[EventType "swiss"]
[EventRounds "9"]
[EventCountry "CZE"]
[SourceTitle "CBM 174 Extra"]
[Source "ChessBase"]
[SourceDate "2016.10.10"]
[SourceVersion "1"]
[SourceVersionDate "2016.10.10"]
[SourceQuality "1"]

1. d4 Nf6 2. c4 c5 3. Nf3 cxd4 4. Nxd4 Nc6 5. g3 g6 6. Bg2 Bg7 7. Nxc6 bxc6 8. Nc3 0-0 9. 0-0 Qa5 10. Bd2 Qc7 11. Rc1 Rb8 12. b3 d6 13. h3 Bb7 14. e4 Rfd8 15. Be3 Ba8 16. Qe2 Qa5 17. Rfd1 Nd7 18. Na4 Nb6 19. Nxb6 axb6 20. f4 c5 21. a4 Qa7 22. Rd3 Bc6 23. Rcd1 Qb7 24. Bf2 Rd7 25. Qg4 h5 26. Qe2 f5 27. Re1 fxe4 28. Bxe4 Bxe4 29. Qxe4 Qxe4 30. Rxe4 Kf7 31. Kg2 Re8 32. Rd2 Bc3 33. Rde2 e6 34. Be1 Bd4 35. Bf2 Bg7 36. g4 hxg4 37. hxg4 Rde7 38. Bh4 Bf6 39. Bxf6 Kxf6 40. R4e3 Rc7 41. Rd3 Rd7 42. Kf3 d5 43. g5+ Kf7 44. cxd5 exd5 45. Rxe8 Kxe8 46. Kg4 d4 47. f5 gxf5+ 48. Kxf5 Kf7 49. Rf3 Re7 50. Rh3 Re3 51. Rh7+ Kg8 52. g6 Rxb3 53. Rd7 Rf3+ 54. Kg4 Re3 55. Kf4 Re1 56. Kg5 Rg1+ 57. Kf5 Rf1+ 58. Kg5 Rf8 59. Kh6 Rc8 60. Rd6 c4 61. Rxd4 c3 62. Rd1 c2 63. Rc1 Rc5 64. g7 Rc4 65. Kg6 Rc6+ 66. Kf5 Kxg7 67. Ke4 Rc4+ 68. Kd3 Rxa4 69. Rxc2 Ra7 70. Rc6 Rb7 71. Kc4 Kf7 72. Kb5 Ke7 73. Rxb6 Rxb6+ 74. Kxb6 1/2-1/2

[Event "EU-ch U12 26th"]
[Site "Prague"]
[Date "2016.08.19"]
[Round "2"]
[White "Larkin, Vladislav"]
[Black "Sunde, Nicholas"]
[Result "1-0"]
[WhiteElo "1932"]
[BlackElo "1375"]
[PlyCount "107"]
[EventDate "2016.08.18"]
[EventType "swiss"]
[EventRounds "9"]
[EventCountry "CZE"]
[SourceTitle "CBM 174 Extra"]
[Source "ChessBase"]
[SourceDate "2016.10.10"]
[SourceVersion "1"]
[SourceVersionDate "2016.10.10"]
[SourceQuality "1"]

1. c4 e5 2. Nc3 Nf6 3. g3 Bc5 4. Bg2 0-0 5. d3 d6 6. Nf3 Bg4 7. 0-0 Nbd7 8. Rb1 a5 9. a3 c6 10. h3 Bh5 11. Ng5 Ba7 12. Nge4 Nxe4 13. Nxe4 Nc5 14. Nxc5 Bxc5 15. b4 axb4 16. axb4 Bd4 17. b5 Qc7 18. g4 Bg6 19. Qb3 Rfb8 20. Bb2 Bc5 21. Bc1 f5 22. Be3 Bxe3 23. fxe3 fxg4 24. hxg4 Qd7 25. bxc6 bxc6 26. Qxb8+ Rxb8 27. Rxb8+ Be8 28. Ra1 Kf7 29. Raa8 Qxg4 30. Rxe8 Qxe2 31. Rf8+ Kg6 32. Be4+ Kh6 33. Rf2 Qxe3 34. Raa2 Qg3+ 35. Kh1 Qe3 36. Rh2+ Kg5 37. Raf2 g6 38. Kg2 h5 39. Rh3 Qc1 40. Rg3+ Kh4 41. Rxg6 Qe3 42. Rf3 Qe2+ 43. Kh1 d5 44. Rg2 dxe4 45. Rxe2 exf3 46. Rxe5 Kg4 47. Kh2 h4 48. Re4+ Kg5 49. c5 Kh5 50. Rf4 Kg5 51. Rxf3 Kg4 52. Rf6 h3 53. Rxc6 Kh4 54. Rh6+ 1-0

[Event "NOR-ch U11"]
[Site "Bergen"]
[Date "2015.11.15"]
[Round "7"]
[White "Sunde, Nicholas"]
[Black "Nesse, David"]
[Result "1-0"]
[WhiteElo "993"]
[BlackElo "1362"]
[PlyCount "119"]
[EventDate "2015.11.13"]
[EventType "swiss"]
[EventRounds "7"]
[EventCountry "NOR"]
[SourceTitle "EXT 2024"]
[Source "ChessBase"]
[SourceDate "2023.10.10"]
[SourceVersion "1"]
[SourceVersionDate "2023.10.10"]
[SourceQuality "1"]

1. e4 c5 2. c3 Nf6 3. e5 Nd5 4. Bc4 Nb6 5. Bb3 Nc6 6. Nf3 g6 7. 0-0 Bg7 8. d4 cxd4 9. cxd4 0-0 10. Nc3 d6 11. exd6 Qxd6 12. Nb5 Qd8 13. d5 Nb4 14. d6 Bf5 15. Bg5 Qc8 16. dxe7 Re8 17. Nd6 Qc7 18. Nxe8 Rxe8 19. Rc1 Qb8 20. Qd8 Bd7 21. Qxb8 Rxb8 22. Be3 Bxb2 23. Rcd1 Be8 24. Rd8 Nd7 25. Bxa7 Nf6 26. Bxb8 Nc6 27. Rc8 Nxb8 28. Rxb8 Kg7 29. Rd1 Ba3 30. Rxb7 Bc5 31. Rc1 Bd6 32. a4 Nd7 33. Rxd7 Bxd7 34. Rd1 Bxa4 35. Bxa4 Bxe7 36. Rd7 Bf6 37. Bb3 Kh6 38. Rxf7 Bg7 39. Rxg7 Kxg7 40. g3 Kf6 41. Kg2 h5 42. Kh3 g5 43. g4 h4 44. Kg2 Kg6 45. Nd4 Kf6 46. Kf3 Kg6 47. Ke4 Kf6 48. Nf3 Kg6 49. Ke5 Kh6 50. Kf6 h3 51. Ke5 Kg6 52. Nxg5 Kg7 53. f4 Kh8 54. f5 Kg7 55. Ke6 Kh8 56. Ke7 Kg7 57. f6+ Kg6 58. f7 Kh6 59. f8Q+ Kg6 60. Qf6# 1-0

[Event "Knarrevik Winter 1st"]
[Site "Knarrevik"]
[Date "2015.02.28"]
[Round "2"]
[White "Sunde, Nicholas"]
[Black "Hina, Ariza"]
[Result "1-0"]
[WhiteElo "724"]
[BlackElo "733"]
[PlyCount "47"]
[EventDate "2015.02.27"]
[EventType "swiss"]
[EventRounds "5"]
[EventCountry "NOR"]
[SourceTitle "EXT 2024"]
[Source "ChessBase"]
[SourceDate "2023.10.10"]
[SourceVersion "1"]
[SourceVersionDate "2023.10.10"]
[SourceQuality "1"]

1. e4 e5 2. Nf3 Nc6 3. Nc3 Bc5 4. Nxe5 Nxe5 5. d4 Bxd4 6. Qxd4 Qf6 7. Nd5 Qd6 8. Bf4 Nc6 9. Qxg7 Qe6 10. Nxc7+ Ke7 11. Nxe6 dxe6 12. Qxh8 Bd7 13. Bg5+ Kf8 14. 0-0-0 Rc8 15. Rxd7 Ke8 16. Bb5 Kxd7 17. Rd1+ Kc7 18. Bf4+ Kb6 19. Bxc6 Rxc6 20. Qxg8 Ka6 21. Kb1 Kb5 22. Qg5+ Kb6 23. c4 Ka6 24. Qb5# 1-0